000
00342nam a2200145Ia 4500
999
_c
14214
_d
14214
003
OSt
005
20260316154518.0
008
260210s9999 xx 000 0 und d
020
_a
9791189659363
082
_a
725.8
100
_a
Archilab
245
0
_a
Neighborhood Facility Vol 5 (Price Printed)
260
_b
Archilab
942
_c
BPLAN
_2
ddc